[Event "Titled Tuesday intern op 16th Apr Late"]
[Site "Chess.com INT"]
[Date "2024.04.16"]
[Round "2"]
[White "Palao, Adriana"]
[Black "Todev, Simeon"]
[Result "1-0"]
[WhiteElo "1988"]
[BlackElo "2095"]
[PlyCount "66"]
[EventDate "2024.04.16"]
[EventType "swiss (blitz)"]
[EventRounds "11"]
[EventCountry "USA"]
[SourceTitle "CB17_2024"]
[SourceDate "2024.04.24"]
[SourceVersion "1"]
[SourceVersionDate "2024.04.24"]
[SourceQuality "1"]

1. d4 d5 2. Bf4 c5 3. Nf3 Nc6 4. e3 Bf5 5. c3 Nf6 6. Nbd2 e6 7. Be2 Bd6 8. Bg3 Ne4 9. Nxe4 Bxe4 10. Bd3 f5 11. dxc5 Bxg3 12. hxg3 Qe7 13. Bxe4 dxe4 14. Nd4 Ne5 15. Qa4+ Kf7 16. 0-0 h5 17. Qb3 Kf6 18. f3 exf3 19. Nxf3 Qxc5 20. Nd4 Qe7 21. e4 h4 22. exf5 hxg3 23. fxe6+ Kg5 24. Rf5+ Kg6 25. Qc2 Rh1+ 26. Kxh1 Qh4+ 27. Kg1 Qh2+ 28. Kf1 Qh1+ 29. Ke2 Qxg2+ 30. Kd1 Qxc2+ 31. Kxc2 Rd8 32. Rxe5 g2 33. Rg1 Kf6 1-0

[Event "Titled Tuesday intern op 05th Sep Early"]
[Site "Chess.com INT"]
[Date "2023.09.05"]
[Round "8"]
[White "Mirzanurov, Bulat"]
[Black "Palao, Adriana"]
[Result "0-1"]
[WhiteElo "2232"]
[BlackElo "2013"]
[PlyCount "68"]
[EventDate "2023.09.05"]
[EventType "swiss (blitz)"]
[EventRounds "11"]
[EventCountry "USA"]
[SourceTitle "EXT 2024"]
[Source "ChessBase"]
[SourceDate "2023.10.10"]
[SourceVersion "1"]
[SourceVersionDate "2023.10.10"]
[SourceQuality "1"]

1. e4 e5 2. Nf3 Nc6 3. Bc4 Nf6 4. d3 Be7 5. 0-0 0-0 6. Re1 d6 7. a4 h6 8. h3 Be6 9. Nc3 d5 10. exd5 Nxd5 11. Nxe5 Nxc3 12. bxc3 Bxc4 13. Nxc4 Bf6 14. Bb2 Qd5 15. Ne3 Qg5 16. Qg4 Qa5 17. Nc4 Qd5 18. Re4 Be7 19. Ne3 Qd8 20. c4 Bf6 21. Bxf6 Qxf6 22. Re1 Qc3 23. Nf5 Kh7 24. d4 g6 25. Ne3 f5 26. Nxf5 Rf7 27. Nh4 Rg8 28. Nf3 h5 29. Qe6 Re7 30. Qd5 Rxe4 31. Qxe4 Rg7 32. Ng5+ Kh6 33. Qf4 Qxe1+ 34. Kh2 Qe8 0-1

[Event "Palma de Mallorca (Women) 1st"]
[Site "Palma de Mallorca"]
[Date "2021.10.23"]
[Round "2"]
[White "Palao, Adriana"]
[Black "Bagur Bosch, Maria"]
[Result "1-0"]
[WhiteElo "1921"]
[BlackElo "1716"]
[PlyCount "139"]
[EventDate "2021.10.22"]
[EventType "swiss"]
[EventRounds "5"]
[EventCountry "ESP"]
[SourceTitle "CBM 204 Extra"]
[Source "ChessBase"]
[SourceDate "2021.11.30"]
[SourceVersion "1"]
[SourceVersionDate "2021.11.30"]
[SourceQuality "1"]

1. e4 c5 2. Nf3 g6 3. d4 cxd4 4. Nxd4 Nc6 5. c4 Bg7 6. Be3 Nf6 7. Nc3 d6 8. Be2 Bd7 9. 0-0 0-0 10. h3 Nxd4 11. Bxd4 Bc6 12. Qc2 Rc8 13. Rad1 Qc7 14. Qd3 a5 15. Qe3 Ra8 16. Nd5 Bxd5 17. cxd5 Qd7 18. f4 Rac8 19. Bc3 Qa4 20. e5 Ne8 21. a3 Qb3 22. Rd3 Nc7 23. Bxa5 Qxb2 24. Bg4 dxe5 25. Bxc8 Rxc8 26. Bc3 Qb5 27. Bxe5 Nxd5 28. Qf3 Nf6 29. Rfd1 Qb6+ 30. Kh1 Ne8 31. Bxg7 Nxg7 32. Rd7 Nf5 33. Rxb7 Qa6 34. Rb4 Qe6 35. a4 Qa2 36. Rd5 Nh4 37. Qe4 Nxg2 38. Rd1 Nh4 39. Rbd4 Nf5 40. Rd8+ Kg7 41. Qg2 Rc2 42. R8d2 Rxd2 43. Rxd2 Qb1+ 44. Kh2 Qb4 45. Qf2 Nh4 46. Re2 Nf5 47. Ra2 Qe4 48. a5 Nd4 49. Ra3 Nb5 50. Re3 Qa4 51. Rxe7 Qxa5 52. Qb2+ Nc3 53. Re3 Qa2 54. Qxa2 Nxa2 55. Kg3 Nb4 56. Kg4 Nd5 57. Re5 Nf6+ 58. Kf3 Nd7 59. Ra5 Kf6 60. Ke4 Nf8 61. h4 Ne6 62. f5 Nd8 63. Ra6+ Kg7 64. f6+ Kh6 65. Rd6 Ne6 66. Rxe6 fxe6 67. Ke5 Kh5 68. f7 Kxh4 69. f8Q g5 70. Qh6+ 1-0

[Event "World City of Silla"]
[Site "Silla"]
[Date "2020.09.22"]
[Round "3.1"]
[White "Grigoryan, Karen H"]
[Black "Palao, Adriana"]
[Result "1-0"]
[WhiteElo "2658"]
[BlackElo "1936"]
[PlyCount "43"]
[EventDate "2020.09.21"]
[EventType "k.o. (blitz)"]
[EventRounds "4"]
[EventCountry "ESP"]
[SourceTitle "CBM 198 Extra"]
[Source "ChessBase"]
[SourceDate "2020.11.30"]
[SourceVersion "1"]
[SourceVersionDate "2020.11.30"]
[SourceQuality "1"]

1. e4 e5 2. Nc3 d6 3. Bc4 Nd7 4. d3 Be7 5. f4 Ngf6 6. Nf3 c6 7. a4 Qc7 8. 0-0 0-0 9. h3 b6 10. fxe5 Nxe5 11. Nxe5 dxe5 12. Bg5 h6 13. Bh4 Nxe4 14. Nxe4 Bxh4 15. Qh5 Bd8 16. Rxf7 Rxf7 17. Rf1 Kh8 18. Rxf7 Bd7 19. Rf8+ Kh7 20. Bg8+ Kh8 21. Bf7+ Kh7 22. Qg6# 1-0

[Event "Quart Poblet op 2nd Blitz"]
[Site "Quart de Poblet"]
[Date "2019.08.10"]
[Round "9.8"]
[White "Palao, Adriana"]
[Black "Redondo Flores, David"]
[Result "0-1"]
[WhiteElo "1623"]
[BlackElo "2009"]
[PlyCount "90"]
[EventDate "2019.08.10"]
[EventType "swiss (blitz)"]
[EventRounds "9"]
[EventCountry "ESP"]
[SourceTitle "EXT 2024"]
[Source "ChessBase"]
[SourceDate "2023.10.10"]
[SourceVersion "1"]
[SourceVersionDate "2023.10.10"]
[SourceQuality "1"]

1. e4 c5 2. Nf3 d6 3. c3 Nf6 4. h3 Nbd7 5. Bd3 a6 6. 0-0 e5 7. Bc2 g6 8. d4 Bg7 9. Nbd2 cxd4 10. cxd4 0-0 11. Nc4 Qe7 12. Re1 b5 13. Ne3 Bb7 14. d5 Nc5 15. Nf1 Nh5 16. Bg5 f6 17. Be3 Rac8 18. Qd2 Rc7 19. g4 Nf4 20. Bxf4 exf4 21. Qxf4 Nd7 22. Bb3 Ne5 23. Rad1 a5 24. Nd4 g5 25. Qe3 a4 26. Nxb5 axb3 27. Nxc7 Qxc7 28. axb3 Bc8 29. Ng3 Ng6 30. Nh5 Re8 31. f4 f5 32. gxf5 Bxf5 33. e5 dxe5 34. d6 Qd7 35. fxe5 Rxe5 36. Qf2 Rxe1+ 37. Rxe1 Bxh3 38. Nf6+ Bxf6 39. Qxf6 Qg4+ 40. Kf2 Qh4+ 41. Ke2 Nf4+ 42. Kd2 Qf2+ 43. Kc1 Qxe1+ 44. Kc2 Qe4+ 45. Kc3 Nd5+ 0-1

[Event "Pan American-ch U18 Girls"]
[Site "Santiago de Chile"]
[Date "2018.07.23"]
[Round "3"]
[White "Palao, Adriana"]
[Black "Argote Heredia, Valentina"]
[Result "0-1"]
[WhiteElo "1791"]
[BlackElo "2026"]
[PlyCount "112"]
[EventDate "2018.07.22"]
[EventType "swiss"]
[EventRounds "9"]
[EventCountry "CHI"]
[SourceTitle "EXT 2022"]
[Source "ChessBase"]
[SourceDate "2021.10.06"]
[SourceVersion "1"]
[SourceVersionDate "2021.10.06"]
[SourceQuality "1"]

1. e4 c5 2. Nf3 d6 3. c3 Nf6 4. h3 g6 5. Bd3 Bg7 6. Bc2 0-0 7. 0-0 Nc6 8. d4 cxd4 9. cxd4 Nb4 10. Bb3 d5 11. e5 Ne4 12. Ng5 Nxg5 13. Bxg5 h6 14. Be3 Nc6 15. Nc3 Be6 16. Qf3 Qa5 17. Bxd5 Bxd5 18. Nxd5 Rad8 19. Nc3 Nxd4 20. Bxd4 Rxd4 21. e6 fxe6 22. Qxb7 Qb4 23. Qxb4 Rxb4 24. Rae1 Rxb2 25. Nd1 Rb6 26. Re2 Rc8 27. Rfe1 Rc1 28. Kf1 Kf7 29. Ne3 Rxe1+ 30. Kxe1 h5 31. Nc4 Rb5 32. Kd2 Rg5 33. f4 Rd5+ 34. Kc2 Rd4 35. Ne5+ Bxe5 36. fxe5 g5 37. Kc3 Rf4 38. Kd3 Kg6 39. g3 Ra4 40. Ke3 h4 41. Kf3 Kf5 42. gxh4 Rxh4 43. Kg3 Ra4 44. Kf3 Ra5 45. Kg3 Rxe5 46. Rc2 Re3+ 47. Kg2 e5 48. a4 Ra3 49. Rc4 e4 50. Rc7 Rxa4 51. Rxe7 Ra2+ 52. Kg3 Ra3+ 53. Kg2 a5 54. Rf7+ Ke5 55. h4 gxh4 56. Rh7 h3+ 0-1

[Event "Moquegua Ilo GP"]
[Site "Moquegua Ilo"]
[Date "2017.11.03"]
[Round "4"]
[White "Palao, Adriana"]
[Black "Colla Polo, Sharon"]
[Result "1-0"]
[WhiteElo "1659"]
[BlackElo "1169"]
[PlyCount "69"]
[EventDate "2017.11.01"]
[EventType "swiss"]
[EventRounds "8"]
[EventCountry "PER"]
[SourceTitle "CBM 181 Extra"]
[Source "ChessBase"]
[SourceDate "2017.12.12"]
[SourceVersion "1"]
[SourceVersionDate "2017.12.12"]
[SourceQuality "1"]

1. e4 e5 2. Nf3 Nc6 3. d4 exd4 4. Bc4 Be7 5. Nxd4 Nxd4 6. Qxd4 Bf6 7. Qd5 Qe7 8. 0-0 d6 9. Bb5+ Kd8 10. Bc4 Nh6 11. c3 c6 12. Qd3 Ng4 13. f4 Re8 14. e5 Bxe5 15. fxe5 Nxe5 16. Qd4 c5 17. Qe4 f5 18. Qd5 Be6 19. Qxe6 Qxe6 20. Bxe6 Rxe6 21. Bg5+ Kd7 22. Rxf5 h6 23. Bh4 g5 24. Bg3 Nd3 25. Nd2 Re2 26. Nc4 Nxb2 27. Nxb2 Rxb2 28. Rd5 Rb6 29. Rad1 Rd8 30. Rxd6+ Kc7 31. Rxd8+ Kc6 32. c4 Ra6 33. Rc8+ Kb6 34. Bc7+ Kc6 35. Rd6# 1-0